=LDR 00000nam 2200000 4500 =001 INLIS000000000008415 =005 20200416094636 =035 ##$$a 0010-061300000008415 =008 200416###########################0###### =041 ##$$a Ind =082 ##$$a 2x1.4 =090 ##$$a 2x1.4, Yus p =100 ##$$a Yusuf, Abdullah =245 1#$$a Pandangan ulama tentang ayat-ayat mutasyabihat, Drs. Abdullah Yusuf =260 ##$$a 1993 :$b Bandung =300 ##$$a vi, 98 hlm, 18 cm =650 #4$$a Al-Quran-Tafsir ayat =990 ##$$a DW00030008